<?xml version="1.0" encoding="UTF-8"?>
<record
    xmlns:xsi="http://www.w3.org/2001/XMLSchema-instance"
    xsi:schemaLocation="http://www.loc.gov/MARC21/slim http://www.loc.gov/standards/marcxml/schema/MARC21slim.xsd"
    xmlns="http://www.loc.gov/MARC21/slim">

  <leader>00720nam a2200217 a 4500</leader>
  <controlfield tag="001">79304</controlfield>
  <controlfield tag="003">BD-RjUL</controlfield>
  <controlfield tag="005">20220201120258.0</controlfield>
  <controlfield tag="008">220201s2021    bg ||||| |||| 00| 0 ben d</controlfield>
  <datafield tag="020" ind1=" " ind2=" ">
    <subfield code="a">9789849421047</subfield>
    <subfield code="c">:Tk.500.00</subfield>
  </datafield>
  <datafield tag="035" ind1=" " ind2=" ">
    <subfield code="a">(BD-RjUL)79304</subfield>
  </datafield>
  <datafield tag="040" ind1=" " ind2=" ">
    <subfield code="a">BD-RjUL</subfield>
    <subfield code="b">eng</subfield>
    <subfield code="c">BD-RjUL</subfield>
  </datafield>
  <datafield tag="041" ind1=" " ind2=" ">
    <subfield code="a">ben</subfield>
  </datafield>
  <datafield tag="082" ind1=" " ind2=" ">
    <subfield code="2">23</subfield>
    <subfield code="a">324.2092 </subfield>
    <subfield code="b">HOE 2021</subfield>
  </datafield>
  <datafield tag="100" ind1=" " ind2=" ">
    <subfield code="a">&#x9B9;&#x9CB;&#x9B8;&#x9C7;&#x9A8;, &#x9B8;&#x9C8;&#x9AF;&#x9BC;&#x9A6; &#x986;&#x9AC;&#x9C1;&#x9B2;</subfield>
  </datafield>
  <datafield tag="245" ind1=" " ind2=" ">
    <subfield code="a">&#x987;&#x9A4;&#x9BF;&#x9AC;&#x9BE;&#x99A;&#x995;&#x9A4;&#x9BE;&#x987; &#x986;&#x9AE;&#x9BE;&#x9B0; &#x9AA;&#x9BE;&#x9A5;&#x9C7;&#x9AF;&#x9BC; / </subfield>
    <subfield code="c">&#x9B8;&#x9C8;&#x9AF;&#x9BC;&#x9A6; &#x986;&#x9AC;&#x9C1;&#x9B2; &#x9B9;&#x9CB;&#x9B8;&#x9C7;&#x9A8;</subfield>
  </datafield>
  <datafield tag="300" ind1=" " ind2=" ">
    <subfield code="a">&#x9E8;&#x9E6;&#x9E6; &#x9AA;&#x9C3;.;</subfield>
    <subfield code="c">&#x9E8;&#x9EB; &#x9B8;&#x9C7;&#x9AE;&#x9BF;.</subfield>
  </datafield>
  <datafield tag="600" ind1=" " ind2=" ">
    <subfield code="a">&#x9B9;&#x9CB;&#x9B8;&#x9C7;&#x9A8;, &#x9B8;&#x9C8;&#x9AF;&#x9BC;&#x9A6; &#x986;&#x9AC;&#x9C1;&#x9B2;</subfield>
  </datafield>
  <datafield tag="600" ind1=" " ind2=" ">
    <subfield code="a">Hossain, Syed Abul</subfield>
    <subfield code="9">1057</subfield>
  </datafield>
  <datafield tag="942" ind1=" " ind2=" ">
    <subfield code="2">ddc</subfield>
    <subfield code="c">BK</subfield>
  </datafield>
  <datafield tag="999" ind1=" " ind2=" ">
    <subfield code="c">79304</subfield>
    <subfield code="d">79304</subfield>
  </datafield>
  <datafield tag="952" ind1=" " ind2=" ">
    <subfield code="0">0</subfield>
    <subfield code="1">0</subfield>
    <subfield code="2">ddc</subfield>
    <subfield code="4">0</subfield>
    <subfield code="7">1</subfield>
    <subfield code="8">NFIC</subfield>
    <subfield code="a">RUCL</subfield>
    <subfield code="b">RUCL</subfield>
    <subfield code="c">Reading</subfield>
    <subfield code="d">2021-11-16</subfield>
    <subfield code="e">Author</subfield>
    <subfield code="g">500.00</subfield>
    <subfield code="l">0</subfield>
    <subfield code="o">B 324.2092  HOE 2021</subfield>
    <subfield code="r">2022-02-01 00:00:00</subfield>
    <subfield code="t">C-1</subfield>
    <subfield code="w">2022-02-01</subfield>
    <subfield code="y">BK</subfield>
  </datafield>
</record>
